[Event "Al Ain op 2nd"]
[Site "Al Ain"]
[Date "2013.12.27"]
[Round "8"]
[White "Mukhin, Alexey"]
[Black "Abdulkarim, Ali"]
[Result "1-0"]
[WhiteElo "2188"]
[BlackElo "1944"]
[PlyCount "51"]
[EventDate "2013.12.19"]
[EventType "swiss"]
[EventRounds "9"]
[EventCountry "UAE"]
[SourceTitle "CBM 158 Extra"]
[Source "ChessBase"]
[SourceDate "2014.02.28"]
[SourceVersion "1"]
[SourceVersionDate "2014.02.28"]
[SourceQuality "1"]

1. e4 e6 2. d4 d5 3. Nd2 dxe4 4. Nxe4 Nf6 5. Bd3 Nbd7 6. Nf3 Nxe4 7. Bxe4 Nf6 8. Bg5 h6 9. Bxf6 Qxf6 10. Qe2 Bd6 11. 0-0-0 0-0 12. Kb1 Rb8 13. g4 Bd7 14. h4 Qf4 15. Ne5 Rfd8 16. Nd3 Qf6 17. g5 Qxd4 18. gxh6 gxh6 19. Rhg1+ Kh8 20. Qh5 Qf6 21. Bg6 Bf8 22. Bxf7 Bg7 23. Rg6 Qxf7 24. Rdg1 Be8 25. Rxh6+ Kg8 26. Rh8# 1-0

[Event "Al Ain op 2nd"]
[Site "Al Ain"]
[Date "2013.12.24"]
[Round "6"]
[White "Mukhin, Alexey"]
[Black "Alahakoon, Isuru"]
[Result "1-0"]
[WhiteElo "2188"]
[BlackElo "2067"]
[PlyCount "137"]
[EventDate "2013.12.19"]
[EventType "swiss"]
[EventRounds "9"]
[EventCountry "UAE"]
[SourceTitle "CBM 158 Extra"]
[Source "ChessBase"]
[SourceDate "2014.02.28"]
[SourceVersion "1"]
[SourceVersionDate "2014.02.28"]
[SourceQuality "1"]

1. c4 c5 2. Nf3 Nf6 3. Nc3 e6 4. d4 cxd4 5. Nxd4 Qc7 6. e4 a6 7. a3 b6 8. Be2 Bb7 9. f3 d6 10. 0-0 Nbd7 11. Be3 Be7 12. Rc1 0-0 13. Kh1 Rfe8 14. Qd2 Rac8 15. Rfd1 Qb8 16. b4 Bd8 17. Nb3 Bc7 18. Bf4 Ne5 19. Bxe5 dxe5 20. c5 b5 21. Qe3 Nh5 22. g3 f5 23. Qg5 Nf6 24. Nd2 Qa8 25. exf5 e4 26. Ndxe4 Bxe4 27. Nxe4 Nxe4 28. fxe4 Qxe4+ 29. Kg1 Be5 30. Qd2 Bf6 31. Qd3 exf5 32. Bf3 Qe5 33. Qd5+ Qxd5 34. Bxd5+ Kf8 35. Bb7 Rc7 36. Bxa6 Rb8 37. c6 Bb2 38. Rc5 Bxa3 39. Rxf5+ Ke7 40. Bb7 Bxb4 41. Re5+ Kf6 42. Rxb5 Bc3 43. Rbd5 Be5 44. Re1 Re8 45. Rf1+ Kg6 46. Rfd1 Ree7 47. Kg2 Kf6 48. Re1 g5 49. Kf3 h5 50. Re4 g4+ 51. Ke3 Re6 52. Kd3 Re8 53. Kc4 Rg7 54. Re2 Rge7 55. Kb5 Rc7 56. Rf2+ Kg7 57. Re2 Kf6 58. Kb6 Rce7 59. Rdxe5 Rxe5 60. Rxe5 Kxe5 61. c7 Kd4 62. Kc6 Ke3 63. c8Q Rxc8+ 64. Bxc8 Kf2 65. Kd5 Kg2 66. Ke4 Kxh2 67. Kf4 Kh3 68. Bd7 Kh2 69. Bxg4 1-0

[Event "Al Ain op 2nd"]
[Site "Al Ain"]
[Date "2013.12.22"]
[Round "4"]
[White "Mukhin, Alexey"]
[Black "Sameir, Ramez"]
[Result "1/2-1/2"]
[WhiteElo "2188"]
[BlackElo "2070"]
[PlyCount "63"]
[EventDate "2013.12.19"]
[EventType "swiss"]
[EventRounds "9"]
[EventCountry "UAE"]
[SourceTitle "CBM 158 Extra"]
[Source "ChessBase"]
[SourceDate "2014.02.28"]
[SourceVersion "1"]
[SourceVersionDate "2014.02.28"]
[SourceQuality "1"]

1. c4 e6 2. Nf3 Nf6 3. g3 d5 4. d4 c6 5. Qc2 Nbd7 6. Bg2 Bd6 7. 0-0 0-0 8. Rd1 Qe7 9. Nc3 dxc4 10. e4 e5 11. Be3 Ng4 12. Bg5 f6 13. Bc1 exd4 14. Nxd4 Nc5 15. Nce2 Kh8 16. h3 Ne5 17. Be3 Bd7 18. Rab1 b5 19. b3 cxb3 20. axb3 Rfc8 21. f4 Nf7 22. Bf2 a5 23. Nf5 Bxf5 24. exf5 Na6 25. Nd4 Nb4 26. Qc3 Bc5 27. Re1 Qa7 28. Rbc1 Na6 29. Qb2 Nb4 30. Qc3 Na6 31. Qb2 Nb4 32. Qc3 1/2-1/2

[Event "Al Ain op 2nd"]
[Site "Al Ain"]
[Date "2013.12.21"]
[Round "3"]
[White "Gagare, Shardul"]
[Black "Mukhin, Alexey"]
[Result "1-0"]
[WhiteElo "2442"]
[BlackElo "2188"]
[PlyCount "63"]
[EventDate "2013.12.19"]
[EventType "swiss"]
[EventRounds "9"]
[EventCountry "UAE"]
[SourceTitle "CBM 158 Extra"]
[Source "ChessBase"]
[SourceDate "2014.02.28"]
[SourceVersion "1"]
[SourceVersionDate "2014.02.28"]
[SourceQuality "1"]

1. c4 e5 2. g3 d6 3. Bg2 f5 4. Nc3 Nf6 5. d3 Be7 6. Nf3 0-0 7. 0-0 Qe8 8. Bg5 Qh5 9. Qc2 c6 10. b4 Be6 11. b5 d5 12. bxc6 bxc6 13. cxd5 cxd5 14. Rac1 Nc6 15. Qa4 Rfc8 16. Bxf6 Bxf6 17. Nxd5 Bxd5 18. e4 fxe4 19. dxe4 Bxa2 20. Qxa2+ Kh8 21. Qe6 Ne7 22. Rxc8+ Rxc8 23. g4 Qh6 24. h4 g5 25. hxg5 Bxg5 26. Qxe5+ Bf6 27. Qe6 Rg8 28. Rd1 Qf4 29. e5 Bg5 30. Rd4 Qc1+ 31. Bf1 h5 32. Rc4 1-0